000 00424 a2200157 4500
000 BKB
001 070654
005 20200902150849.0
008
082 _a658.404
_bC11Y
100 1 _aRonald, B. Cagle
245 1 _aYour successful project management career
_cby B. Cagle Ronald
260 _aNew York
_bAMACOM
_c2005
300 _a208p.
690 _aProject management
999 _c4085
_d4085